| 000 | 00673nam a2200217 a 4500 | ||
|---|---|---|---|
| 001 | 000008686 | ||
| 005 | 20240412074208.0 | ||
| 008 | 090918s1997 dr a 000 m spa d | ||
| 040 | _aDO-SdBNP | ||
| 082 |
_aRD868.4 _bE74i |
||
| 245 | 0 | 0 | _aEscritos inéditos de Virgilio Díaz Grullón. |
| 260 |
_aSanto Domingo _fSoto Castillo _c1997. |
||
| 300 |
_a142 p. : _bil. ; _c21 cm. |
||
| 490 | 1 |
_aAntología de Nuestra Voz _vno. 54 |
|
| 590 | _aPremio Nacional de Literatura 1997 | ||
| 650 | 4 |
_aAnálisis del discurso _92282 |
|
| 650 | 0 |
_aPoesía dominicana _966 |
|
| 650 | 0 |
_aLiteratura dominicana. _967 |
|
| 830 | 0 |
_aAntología de Nuestra Voz _vno. 54 _923130 |
|
| 049 | _aBNPD | ||
| 999 |
_c8456 _d8456 |
||